000 00427nam a2200181Ia 4500
001 3795
005 20260306145709.0
008 260306t2014||||xx |||||||||||||| ||spa||
041 _aESP
082 _a330.1556
_bZ24
100 _aZamagni, Stefano
_eAUT
245 0 _aPor una economía del bien común
260 _c2014
300 _a339 páginas :
_c20 cm.
650 _aGEN
654 _aCAN
942 _cLIB
_dJUS
_fJUS
_2ddc
_n
999 _c3795
_d3795